000 00826nam a2200217Ia 4500
001 1678
003 GE_BSU
008 181216s||||||||xx |||||||||||||| ||und||
040 _cGE_BSU
080 _a665.6
245 _aStandart operation procedures (SOP)for laboratory.
245 _bპროცედურების ჩატარების სტანდარტები (SOP).
260 _aბათუმი.
260 _c2008.
300 _a109გვ;29სმ.
520 _aინგლისურიდან შემოკლებული თარგმანი რუსულ ენაზე.
541 _h10л.
653 _aStandart operation procedures
653 _aპროცედურების ჩატარების სტანდარტები (SOP).
942 _cBK
999 _c35794
_d35794